Man and boy / (Record no. 34894)
[ view plain ]
| 000 -LEADER | |
|---|---|
| fixed length control field | 00964nam a2200277 a 4500 |
| 005 - DATE AND TIME OF LATEST TRANSACTION | |
| control field | 20100329101316.0 |
| 008 - FIXED-LENGTH DATA ELEMENTS--GENERAL INFORMATION | |
| fixed length control field | 001114r20011999ilua 000 1 eng |
| 020 ## - INTERNATIONAL STANDARD BOOK NUMBER | |
| International Standard Book Number | 9780006512134 |
| Terms of availability | 395.00 |
| 037 ## - SOURCE OF ACQUISITION | |
| Source of stock number/acquisition | Aakar Books |
| 040 ## - CATALOGING SOURCE | |
| Original cataloging agency | dpl |
| Language of cataloging | English |
| 082 ## - DEWEY DECIMAL CLASSIFICATION NUMBER | |
| Classification number | 813.54 |
| 100 ## - MAIN ENTRY--PERSONAL NAME | |
| Personal name | Parsons, Tony |
| 245 ## - TITLE STATEMENT | |
| Title | Man and boy / |
| Statement of responsibility, etc | by Tony Parsons |
| 260 ## - PUBLICATION, DISTRIBUTION, ETC. (IMPRINT) | |
| Place of publication, distribution, etc | London |
| Name of publisher, distributor, etc | Harper |
| Date of publication, distribution, etc | 2008 |
| 270 ## - ADDRESS | |
| Address | 77-85 Fulham Place Road, Hammersmith, |
| City | London |
| 300 ## - PHYSICAL DESCRIPTION | |
| Extent | 344 p. |
| Dimensions | 21 cm(pbk) |
| 650 ## - SUBJECT ADDED ENTRY--TOPICAL TERM | |
| Topical term or geographic name as entry element | Adult children of aging parents |
| Form subdivision | Fiction. |
| 650 ## - SUBJECT ADDED ENTRY--TOPICAL TERM | |
| Topical term or geographic name as entry element | World War, 1914-1918 |
| General subdivision | Veterans |
| Form subdivision | Fiction. |
| 650 ## - SUBJECT ADDED ENTRY--TOPICAL TERM | |
| Topical term or geographic name as entry element | Motherless families |
| Form subdivision | Fiction. |
| 650 ## - SUBJECT ADDED ENTRY--TOPICAL TERM | |
| Topical term or geographic name as entry element | Fathers and sons |
| Form subdivision | Fiction. |
| 650 ## - SUBJECT ADDED ENTRY--TOPICAL TERM | |
| Topical term or geographic name as entry element | Boys |
| Form subdivision | Fiction. |
| 655 ## - INDEX TERM--GENRE/FORM | |
| Genre/form data or focus term | Domestic fiction. |
| Source of term | lcsh |
| 942 ## - ADDED ENTRY ELEMENTS (KOHA) | |
| Source of classification or shelving scheme | Dewey Decimal Classification |
| Item type | English Books |
| Classification part | 813.54 |
| Call number suffix | PAR |
| Withdrawn status | Lost status | Source of classification or shelving scheme | Damaged status | Not for loan | Home library | Current library | Date acquired | Cost, normal purchase price | Total Checkouts | Full call number | Date last seen | Copy number | Cost, replacement price | Koha item type |
|---|---|---|---|---|---|---|---|---|---|---|---|---|---|---|
| Dewey Decimal Classification | Ordered | Andrews Gunj | Andrews Gunj | 01/04/2010 | 395.00 | 813.54 PAR | 01/04/2010 | 1 | 395.00 | English Books |
